000 00987nam a2200277Ia 4500
003 OSt
005 20221005105422.0
006 a|||||r|||| 00| 0
007 ta
008 221004b |||||||| |||| 00| 0 hin d
020 _a9780143420095 (pbk)
_cIndian Rupees 199
024 _a33858
037 _bGift, 05/10/2017,
_cTextual
040 _aCRL
_cCRL
_bhin
041 _2hin
_ahin
082 _aO111,3NHA,YE, 152Q3
100 _aहर्डीकर, जयदीप, ले.
245 0 _aयहां एक गांव था
246 _aYahāan ek gāanva thā
260 _aनई दिल्ली
_bपेगुंइन बुक्स भारत
_c2013
300 _a168पृ0
_ccm.
650 _a हिन्दी साहित्य
650 _aहिन्दी कहानी
942 _hO111,3NHA,YE, 152Q3
_cTEXL
_2cc
999 _c1015759
_d1015759